000 00894nmm a2200277 a 4500
001 ocm0001299339
003 TR-IsHL
005 20201028161644.0
008 160715s2012 tu tur
007 cr cn
020 _a9789944397797
035 _a1299339
_b(N$T)
050 0 4 _aDS51.Y69
_bS25 2012
090 0 4 _aDS51.Y69
_bS25 2012
100 1 _aSakin, Orhan
245 1 0 _aTarihten günümüze Bozok sancağı ve Yozgat
_h[electronic resource] /
_cOrhan Sakin
260 _aİstanbul :
_bDoğu Kütüphanesi,
_c2012
300 _a431 p.
500 _aKaynakça ve dizin var.
_x
650 4 _aTarih
650 4 _aHistory
650 0 _aBozok
_xYozgat (Türkiye)
650 0 _aBozok
_xYozgat (Turkey)
650 7 _aHISTORY / Middle East / Turkey & Ottoman Empire
_2bisacsh
856 4 0 _uhttp://search.ebscohost.com/login.aspx?direct=true&scope=site&db=e011xww&AN=1299339
999 _c14251
_d14251